| 000 | 00918nam a2200265 i 4500 | ||
|---|---|---|---|
| 001 | 16465 | ||
| 003 | ES-MaACL | ||
| 005 | 20240527195135.0 | ||
| 007 | t| | ||
| 008 | 000925s1976 sp ||||1| spa d | ||
| 020 | _a84-235-0048-9 | ||
| 080 | _a903(465.1 Viana) | ||
| 080 | _a904(465.1 Viana) | ||
| 100 | 1 |
_aLabeaga Mendiola, Juan Cruz. _969229 |
|
| 245 | 1 | 0 |
_aCarta arqueológica del término municipal de Viana (Navarra) / _cJuan Cruz Labeaga Mendiola. |
| 260 |
_aPamplona : _bInstitución Príncipe de Viana, _c1976. |
||
| 300 |
_a259 p.,[24] p. lám. : _bil. ; _c24 cm. |
||
| 490 | 1 | _aColección arqueología | |
| 650 | 1 | 4 |
_aExcavaciones arqueológicas- _zViana. _912650 |
| 651 | 4 |
_aViana- _xRestos arqueológicos. _99531 |
|
| 710 | 2 |
_aInstitución Príncipe de Viana _94730 |
|
| 830 | 0 |
_aColección arqueología _9228653 |
|
| 852 |
_aES-MaACL _jG-2186 _bR.119289 |
||
| 999 |
_c16465 _d16465 |
||